| 000 | 00558nam a2200193Ia 4500 | ||
|---|---|---|---|
| 003 | OSt | ||
| 005 | 20240925165319.0 | ||
| 008 | 210210b1976 xxu||||| |||| 00| 0 eng d | ||
| 040 |
_aAL _c |
||
| 041 | _aKannada | ||
| 082 | _aK894.308 MOLC | ||
| 100 |
_aMOLEYARA (V B) _938091 _dವಿ. ಬಿ. ಮೊಳೆಯಾರ |
||
| 245 |
_aChaitanya-2 katha sankalana _bಚೈತನ್ಯ -೨ ಕಥಾ ಸಂಕಲನ |
||
| 260 |
_aPutturu _bKannada Sangha _c1976 |
||
| 300 | _avi,140 | ||
| 690 |
_aKannada Fiction _938092 |
||
| 906 | _a032272 | ||
| 942 |
_2ddc _cBK |
||
| 999 |
_c82936 _d82936 |
||